Norwich City Squad 2014–15 Championship Season - Statistics

General Stats
  • This quiz has been taken 9 times
  • The average score is 17 of 31
Answer Stats
Answer % Correct
John Ruddy
100%
Alex Neil
86%
Russell Martin
86%
Wes Hoolahan
86%
Alexander Tettey
71%
Bradley Johnson
71%
Cameron Jerome
71%
Gary Hooper
71%
Martin Olsson
71%
Nathan Redmond
71%
Neil Adams
71%
Sébastien Bassong
71%
Jonny Howson
57%
Josh Murphy
57%
Lewis Grabban
57%
Michael Turner
57%
Steven Whittaker
57%
Anthony Andreu
43%
Carlos Cuéllar
43%
Elliott Bennett
43%
Jamar Loza
43%
Javier Garrido
43%
Jos Hooiveld
43%
Kyle Lafferty
43%
Leroy Fer
43%
Ryan Bennett
43%
Vadis Odjidja-Ofoe
43%
Gary O'Neil
29%
Graham Dorrans
29%
Andrew Surman
14%
Carlton Morris
14%
No matching quizzes found
Score Distribution
Percent of People with Each Score
Percentile by Number Answered
Your Score History
You have not taken this quiz